| 000 | 00826nam a2200181Ia 4500 | ||
|---|---|---|---|
| 003 | GCL | ||
| 008 | 140319s9999 xx 000 0 ara d | ||
| 040 |
_aGCL / _cGCL |
||
| 082 | 0 | 4 |
_a343.066 _bع ق |
| 100 | 1 |
_aعبدالفتاح مراد _vReviewer _@ _٠راجع |
|
| 245 | 1 | 0 |
_aقانون الجمعيات الاهلية ولائحته التنفيذية ومذكرته الايضاحية والقرارات المكملة له / _cعبدالفتاح مراد |
| 260 |
_aالقاهرة : _bشركة البهاء للبرمجيات والكومبيوتر والنشر الالكترونى ، _c2003 |
||
| 300 |
_a272 ص ؛ _c16 سم |
||
| 650 | 0 | 4 | _aالمؤسسات الاجتماعية |
| 650 | 0 | 4 | _aالجمعيات الاهلية |
| 650 | 0 | 4 | _aالجمعيات - قوانين وتشريعات |
| 942 |
_2ddc _cBK |
||
| 999 |
_c6347 _d6347 |
||